=LDR 00000nam 2200000 4500 =001 INLIS000000000023852 =005 20130612122458 =008 ***********************************ind** =035 ##$$0010-061300000023852 =041 ##$$a ind =082 ##$$a 4x2.2 =090 ##$$a 4x2.2, SUW s =100 ##$$a Suwaji =245 ##$$a Struktur dialek Bahasa Jawa di Pesisir Utara Jawa Tengah (Tegal dan sekitarnya), Suwadji, dkk =260 ##$$a 1981 $b Jakarta =300 ##$$a xvi, 255 hlm., ilus., 23 cm =650 ##$$a Bahasa Jawa =850 ##$$a NBPNMAT